[Event "Olimpiada de Khanty-Mansiysk 2010"]
[Site "Khanty-Mansiysk RUS"]
[Date "2010.09.29"]
[Round "8"]
[White "Ruiz Blais, Sebastian"]
[Black "Peralta, Eduardo"]
[Result "0-1"]
[WhiteElo "2172"]
[BlackElo "2266"]
[PlyCount "54"]
[EventDate "2010.09.21"]
[EventType "team"]
[EventRounds "11"]
[EventCountry "RUS"]
[Source "lmi"]
[SourceDate "2010.09.21"]
[WhiteTeam "Costa Rica"]
[BlackTeam "Paraguay"]
[WhiteTeamCountry "CRI"]
[BlackTeamCountry "PAR"]

1. e4 c5 2. Nf3 d6 3. d4 cxd4 4. Nxd4 Nf6 5. Nc3 Nc6 6. g3 g6 7. Nde2 h5 8. h3
Bg7 9. Bg2 Bd7 10. Rb1 O-O 11. O-O Rb8 12. a4 a6 13. b3 b5 14. axb5 axb5 15.
Nd5 b4 16. Bb2 e5 17. Nxf6+ Qxf6 18. f4 Qe7 19. f5 Rbc8 20. c4 bxc3 21. Nxc3
Qg5 22. Qd3 Nd4 23. f6 Rxc3 24. Bxc3 Bb5 25. Qd2 Ne2+ 26. Kh2 Qxg3+ 27. Kh1
Qxc3 0-1

[Event "Olimpiada de Khanty-Mansiysk 2010"]
[Site "Khanty-Mansiysk RUS"]
[Date "2010.09.29"]
[Round "8"]
[White "Solomon, Kenny"]
[Black "Smith, Robert W"]
[Result "0-1"]
[WhiteElo "2394"]
[BlackElo "2282"]
[PlyCount "75"]
[EventDate "2010.09.21"]
[EventType "team"]
[EventRounds "11"]
[EventCountry "RUS"]
[Source "lmi"]
[SourceDate "2010.09.21"]
[WhiteTeam "Sudáfrica"]
[BlackTeam "Nueva Zelanda"]
[WhiteTeamCountry "RSA"]
[BlackTeamCountry "NZL"]

1. d4 Nf6 2. c4 c5 3. d5 b5 4. cxb5 a6 5. bxa6 g6 6. Nc3 Bxa6 7. g3 d6 8. Nf3
Bg7 9. Bg2 Nbd7 10. Rb1 Qa5 11. Bd2 O-O 12. O-O Ng4 13. Qc2 Nge5 14. b3 Nxf3+
15. Bxf3 Rfb8 16. Rfc1 Ne5 17. Bg2 Qa3 18. h3 c4 19. Kh2 Nd7 20. Ne4 cxb3 21.
axb3 Bxe2 22. Bg5 Qa6 23. Bxe7 Bd3 24. Qc7 Bxb1 25. Rxb1 Ra7 26. Qxd6 Qd3 27.
Nc5 Qxb1 28. Nxd7 Rba8 29. Nf6+ Kh8 30. g4 Qe1 31. Ne4 f5 32. Qe6 fxe4 33. d6
Qxf2 34. Qxe4 Qb2 35. h4 Be5+ 36. Kh3 Ra3 37. Bf6+ Bxf6 38. d7 0-1

[Event "Olimpiada de Khanty-Mansiysk 2010"]
[Site "Khanty-Mansiysk RUS"]
[Date "2010.09.29"]
[Round "8"]
[White "Steadman, Michael"]
[Black "Kobese, Watu"]
[Result "1-0"]
[WhiteElo "2309"]
[BlackElo "2370"]
[PlyCount "101"]
[EventDate "2010.09.21"]
[EventType "team"]
[EventRounds "11"]
[EventCountry "RUS"]
[Source "lmi"]
[SourceDate "2010.09.21"]
[WhiteTeam "Nueva Zelanda"]
[BlackTeam "Sudáfrica"]
[WhiteTeamCountry "NZL"]
[BlackTeamCountry "RSA"]

1. d4 d5 2. Nf3 Nc6 3. c4 Bg4 4. Nc3 e6 5. cxd5 exd5 6. Bf4 Bb4 7. e3 Nf6 8. a3
Bxc3+ 9. bxc3 O-O 10. Be2 Na5 11. Nd2 Bxe2 12. Qxe2 Re8 13. c4 dxc4 14. Nxc4
Nd5 15. Be5 Nc6 16. Qb2 Nb6 17. Nxb6 axb6 18. O-O Nxe5 19. dxe5 Qe7 20. Rfc1
Ra5 21. f4 Rd8 22. Qb4 Qd7 23. Rd1 Rd5 24. Rxd5 Qxd5 25. Qe7 Qd7 26. Qxd7 Rxd7
27. Rc1 b5 28. Kf2 c6 29. Rc3 Rd2+ 30. Kf3 Kf8 31. h3 Ke7 32. g4 Rh2 33. Rb3
Ra2 34. Ke4 g6 35. f5 Rc2 36. Rd3 Rc4+ 37. Rd4 Rc3 38. Rd3 Rc1 39. f6+ Ke8 40.
e6 fxe6 41. Ke5 Rc4 42. Rd6 b4 43. Rxe6+ Kf8 44. axb4 Rxb4 45. Re7 c5 46. Rxh7
c4 47. Rc7 Rb3 48. e4 c3 49. Kf4 Rb5 50. e5 Rb6 51. Rxc3 1-0

[Event "Olimpiada de Khanty-Mansiysk 2010"]
[Site "Khanty-Mansiysk RUS"]
[Date "2010.09.29"]
[Round "8"]
[White "Steel, Henry Robert"]
[Black "Croad, Nicolas"]
[Result "1-0"]
[WhiteElo "2300"]
[BlackElo "2297"]
[PlyCount "83"]
[EventDate "2010.09.21"]
[EventType "team"]
[EventRounds "11"]
[EventCountry "RUS"]
[Source "lmi"]
[SourceDate "2010.09.21"]
[WhiteTeam "Sudáfrica"]
[BlackTeam "Nueva Zelanda"]
[WhiteTeamCountry "RSA"]
[BlackTeamCountry "NZL"]

1. e4 c5 2. Nf3 Nc6 3. d4 cxd4 4. Nxd4 g6 5. Nc3 Bg7 6. Be3 Nf6 7. Bc4 O-O 8.
Bb3 d6 9. h3 Na5 10. O-O b6 11. Re1 Bb7 12. Bg5 Nxb3 13. axb3 a6 14. b4 Rc8 15.
b5 a5 16. Qd3 Nd7 17. Nd5 Nc5 18. Qd2 Re8 19. Nc3 Nd7 20. Rad1 Ne5 21. b3 Nd7
22. Nd5 Nc5 23. c4 a4 24. bxa4 Nxa4 25. Qa2 Bxd5 26. Qxa4 Rxc4 27. Qb3 Rxd4 28.
exd5 Qa8 29. Be3 Rxd1 30. Rxd1 Qa5 31. Qc4 Qc3 32. Rc1 Qxc4 33. Rxc4 Ra8 34.
Bxb6 Be5 35. f4 Ra1+ 36. Kh2 Bf6 37. Rb4 Bc3 38. Rb3 Bd2 39. Bf2 Bxf4+ 40. g3
Ra2 41. Kg1 Bd2 42. b6 1-0

[Event "Olimpiada de Khanty-Mansiysk 2010"]
[Site "Khanty-Mansiysk RUS"]
[Date "2010.09.29"]
[Round "8"]
[White "Han, Daniel"]
[Black "Johannes, Manyedi Mabusel"]
[Result "0-1"]
[WhiteElo "2200"]
[BlackElo "2288"]
[PlyCount "158"]
[EventDate "2010.09.21"]
[EventType "team"]
[EventRounds "11"]
[EventCountry "RUS"]
[Source "lmi"]
[SourceDate "2010.09.21"]
[WhiteTeam "Nueva Zelanda"]
[BlackTeam "Sudáfrica"]
[WhiteTeamCountry "NZL"]
[BlackTeamCountry "RSA"]

1. d4 Nf6 2. c4 e6 3. Nf3 b6 4. Nc3 Bb7 5. a3 d5 6. cxd5 Nxd5 7. Qc2 Be7 8. e4
Nxc3 9. bxc3 O-O 10. Bd3 c5 11. O-O Qc8 12. Qe2 Ba6 13. Rd1 Bxd3 14. Rxd3 Nd7
15. e5 cxd4 16. cxd4 Re8 17. h4 Qc4 18. Bf4 Rac8 19. h5 Nc5 20. Re3 Qxe2 21.
Rxe2 Na4 22. Re3 Red8 23. Rb3 Rc3 24. Rxc3 Nxc3 25. Be3 b5 26. Kf1 f6 27. Bd2
Nd5 28. Ke2 Rc8 29. Kd3 Rc4 30. Ne1 fxe5 31. dxe5 Bc5 32. f3 Bd4 33. Rb1 a6 34.
Nc2 Bxe5 35. Re1 Nf4+ 36. Bxf4 Bxf4 37. Rxe6 Ra4 38. Kc3 Kf7 39. Rc6 Ke7 40.
Kb3 Kd7 41. Rc3 Be5 42. Re3 Kd6 43. Nb4 a5 44. Rd3+ Kc7 45. Nd5+ Kb7 46. Re3
Bd6 47. Kb2 Rd4 48. Nc3 Rd2+ 49. Kb1 Bxa3 50. Nxb5 Rb2+ 51. Ka1 Rxb5 52. Rxa3
Rxh5 53. Rc3 Kb6 54. Kb2 Rb5+ 55. Ka3 Rc5 56. Re3 Kc6 57. Ka4 Kd6 58. Re4 Re5
59. Rg4 g6 60. Rh4 h5 61. g4 hxg4 62. Rxg4 g5 63. Kb3 Rf5 64. Kc2 Ke5 65. Kd2
Kf6 66. Ra4 Rd5+ 67. Ke2 Ke5 68. Ke3 Kd6 69. Ke4 Rc5 70. Kd4 Rf5 71. Ra3 Kc6
72. Ke4 Rf4+ 73. Ke3 a4 74. Rd3 Kc5 75. Rd8 a3 76. Ra8 Kb4 77. Rb8+ Kc3 78. Rb5
a2 79. Ra5 Kb3 0-1

[Event "Olimpiada de Khanty-Mansiysk 2010"]
[Site "Khanty-Mansiysk RUS"]
[Date "2010.09.29"]
[Round "8"]
[White "Meshkov, Yuri A"]
[Black "Phillips, Roy Jean-Noel"]
[Result "1/2-1/2"]
[WhiteElo "2419"]
[BlackElo "2248"]
[PlyCount "117"]
[EventDate "2010.09.21"]
[EventType "team"]
[EventRounds "11"]
[EventCountry "RUS"]
[Source "lmi"]
[SourceDate "2010.09.21"]
[WhiteTeam "IBC"]
[BlackTeam "Mauricio"]
[BlackTeamCountry "MRI"]

1. d4 Nf6 2. c4 g6 3. Nc3 Bg7 4. g3 O-O 5. Bg2 d6 6. e3 Nbd7 7. Nge2 e5 8. b3
Re8 9. h3 h5 10. O-O e4 11. f3 exf3 12. Rxf3 Nf8 13. Qd3 Ne6 14. Kh2 Ng5 15.
Rf4 Qd7 16. Ng1 c6 17. Bd2 Qe7 18. Raf1 Bd7 19. b4 Rf8 20. a4 a6 21. Nge2 Rae8
22. e4 Nfh7 23. h4 Ne6 24. R4f3 Nf6 25. Bh3 Ng4+ 26. Bxg4 hxg4 27. R3f2 Nc7 28.
d5 cxd5 29. cxd5 b5 30. a5 Be5 31. Kg1 Rc8 32. Bh6 Bg7 33. Bxg7 Kxg7 34. Qd4+
f6 35. Nd1 Ne8 36. Ne3 Qe5 37. Rd1 Rf7 38. Rf4 Re7 39. Qd2 f5 40. Nd4 Nf6 41.
Re1 Nxe4 42. Qd1 Rc3 43. Kh2 Kh8 44. Nxg4 Qxd5 45. Ne3 Rxe3 46. Rxe3 Nf2 47.
Rxf2 Rxe3 48. Qd2 Qe4 49. Rf3 Rxf3 50. Qh6+ Kg8 51. Qxg6+ Kf8 52. Qxd6+ Ke8 53.
Qg6+ Ke7 54. Qg7+ Kd6 55. Qf8+ Ke5 56. Qc5+ Kf6 57. Qf8+ Ke5 58. Qc5+ Kf6 59.
Qf8+ 1/2-1/2

[Event "Olimpiada de Khanty-Mansiysk 2010"]
[Site "Khanty-Mansiysk RUS"]
[Date "2010.09.29"]
[Round "8"]
[White "Chinasamy, Devarajen"]
[Black "Krylov, Sergey"]
[Result "0-1"]
[WhiteElo "2077"]
[BlackElo "2359"]
[PlyCount "104"]
[EventDate "2010.09.21"]
[EventType "team"]
[EventRounds "11"]
[EventCountry "RUS"]
[Source "lmi"]
[SourceDate "2010.09.21"]
[WhiteTeam "Mauricio"]
[BlackTeam "IBC"]
[WhiteTeamCountry "MRI"]

1. e4 c5 2. Nc3 a6 3. f4 b5 4. Nf3 Bb7 5. Qe2 Nc6 6. g3 g6 7. Bg2 Bg7 8. O-O
Nd4 9. Nxd4 cxd4 10. Nd1 Rc8 11. d3 Nf6 12. c3 dxc3 13. Nxc3 b4 14. Nd1 O-O 15.
Ne3 d6 16. Bd2 Qb6 17. Kh1 a5 18. Rac1 Qb5 19. Nc4 d5 20. exd5 Nxd5 21. Ne5 e6
22. Be4 Rxc1 23. Rxc1 Qa4 24. a3 bxa3 25. bxa3 Qxa3 26. Qe1 Bxe5 27. fxe5 Ba6
28. Ra1 Qb3 29. Rb1 Qa4 30. Bxa5 Qd4 31. Bb4 Nxb4 32. Qxb4 Qxe5 33. Qb3 Rd8 34.
Qb6 Qd6 35. Qxd6 Rxd6 36. Bg2 Bxd3 37. Rd1 Rd7 38. Kg1 Bb5 39. Rb1 Bc4 40. Rc1
Rd4 41. Rc2 Bd5 42. Bxd5 Rxd5 43. Kf2 Kg7 44. Kf3 h5 45. Rc3 Rd4 46. h3 Kf6 47.
Ke3 Ra4 48. Kf3 Kf5 49. Ke3 e5 50. Rb3 g5 51. Rc3 Ra2 52. Rc5 g4 0-1

[Event "Olimpiada de Khanty-Mansiysk 2010"]
[Site "Khanty-Mansiysk RUS"]
[Date "2010.09.29"]
[Round "8"]
[White "Mueller, Oliver"]
[Black "Marie, Patrick"]
[Result "1-0"]
[WhiteElo "2311"]
[BlackElo "2146"]
[PlyCount "73"]
[EventDate "2010.09.21"]
[EventType "team"]
[EventRounds "11"]
[EventCountry "RUS"]
[Source "lmi"]
[SourceDate "2010.09.21"]
[WhiteTeam "IBC"]
[BlackTeam "Mauricio"]
[BlackTeamCountry "MRI"]

1. d4 Nf6 2. c4 g6 3. Nc3 Bg7 4. Nf3 O-O 5. g3 d6 6. Bg2 Nbd7 7. O-O e5 8. e4
Re8 9. Re1 c6 10. h3 Nf8 11. dxe5 dxe5 12. Qxd8 Rxd8 13. Nxe5 Be6 14. Bf1 N8d7
15. Nf3 Nc5 16. e5 Ne8 17. Bg5 Rd7 18. Rad1 h6 19. Be3 Bf8 20. Nd4 Rad8 21. b4
Na6 22. Nxe6 Rxd1 23. Rxd1 Rxd1 24. Nxd1 fxe6 25. a3 c5 26. b5 Nac7 27. a4 b6
28. Nb2 a5 29. Nd3 Kf7 30. f4 Be7 31. Nf2 Ng7 32. g4 g5 33. fxg5 hxg5 34. Ne4
Kg6 35. Bd3 Kh6 36. Nf6 Nge8 37. Ng8+ 1-0

[Event "Olimpiada de Khanty-Mansiysk 2010"]
[Site "Khanty-Mansiysk RUS"]
[Date "2010.09.29"]
[Round "8"]
[White "Papatryfonos, Constantino"]
[Black "Salem, A R  Saleh"]
[Result "0-1"]
[WhiteElo "2133"]
[BlackElo "2501"]
[PlyCount "72"]
[EventDate "2010.09.21"]
[EventType "team"]
[EventRounds "11"]
[EventCountry "RUS"]
[Source "lmi"]
[SourceDate "2010.09.21"]
[WhiteTeam "Chipre"]
[BlackTeam "Emiratos Arabes Unidos"]
[WhiteTeamCountry "CYP"]
[BlackTeamCountry "UAE"]

1. d4 g6 2. e4 Bg7 3. Nf3 d6 4. Nc3 a6 5. a4 Nf6 6. h3 Nc6 7. Be3 O-O 8. Qd2
Re8 9. Bd3 e5 10. d5 Nb4 11. Bg5 Qd7 12. O-O Nh5 13. Nh2 Nxd3 14. cxd3 f5 15.
Ne2 c6 16. Rfc1 cxd5 17. exd5 f4 18. f3 Qf7 19. Ng4 Qxd5 20. Rc7 Bf5 21. Rac1
Rac8 22. Bh6 Rxc7 23. Rxc7 Bxg4 24. hxg4 Bxh6 25. gxh5 gxh5 26. Qc3 b5 27. Kf1
Bf8 28. Ra7 h4 29. d4 h3 30. gxh3 bxa4 31. Kf2 exd4 32. Qd3 Bg7 33. Nxf4 Qe5
34. Ng2 Qb5 35. Qd2 d3 36. Nf4 Qc5+ 0-1

[Event "Olimpiada de Khanty-Mansiysk 2010"]
[Site "Khanty-Mansiysk RUS"]
[Date "2010.09.29"]
[Round "8"]
[White "AlHuwar, Jasem"]
[Black "Kassinopoullos, Polydoros"]
[Result "1-0"]
[WhiteElo "2265"]
[BlackElo "2110"]
[PlyCount "63"]
[EventDate "2010.09.21"]
[EventType "team"]
[EventRounds "11"]
[EventCountry "RUS"]
[Source "lmi"]
[SourceDate "2010.09.21"]
[WhiteTeam "Emiratos Arabes Unidos"]
[BlackTeam "Chipre"]
[WhiteTeamCountry "UAE"]
[BlackTeamCountry "CYP"]

1. Nf3 c5 2. c4 Nc6 3. d4 cxd4 4. Nxd4 g6 5. e4 Bg7 6. Be3 Nf6 7. Nc3 Ng4 8.
Qxg4 Nxd4 9. Qd1 e5 10. Nb5 O-O 11. Be2 Nxe2 12. Qxe2 a6 13. Nd6 Qc7 14. Qd2 b6
15. O-O Bb7 16. Qb4 Bc6 17. Bxb6 a5 18. Qc5 Qb8 19. Nb5 Ra6 20. Bc7 Qb7 21.
Bxe5 Bxe5 22. Qxe5 Bxb5 23. Qxb5 Rb6 24. Qxa5 Rxb2 25. Qd5 Qa7 26. a4 Rc8 27.
a5 Rc5 28. Qd4 Rb4 29. Rfc1 Qc7 30. a6 Rbxc4 31. Rxc4 Rxc4 32. Qxc4 1-0

[Event "Olimpiada de Khanty-Mansiysk 2010"]
[Site "Khanty-Mansiysk RUS"]
[Date "2010.09.29"]
[Round "8"]
[White "Klerides, Paris"]
[Black "Omar Noaman, Ali Ali"]
[Result "1/2-1/2"]
[WhiteElo "2194"]
[BlackElo "2220"]
[PlyCount "112"]
[EventDate "2010.09.21"]
[EventType "team"]
[EventRounds "11"]
[EventCountry "RUS"]
[Source "lmi"]
[SourceDate "2010.09.21"]
[WhiteTeam "Chipre"]
[BlackTeam "Emiratos Arabes Unidos"]
[WhiteTeamCountry "CYP"]
[BlackTeamCountry "UAE"]

1. e4 c6 2. d4 d5 3. exd5 cxd5 4. c4 Nf6 5. Nc3 g6 6. Qb3 Bg7 7. cxd5 O-O 8.
Be2 Nbd7 9. Bf3 Nb6 10. Bg5 Bf5 11. Nge2 Bd3 12. O-O Bc4 13. Qb4 Re8 14. Rfe1
Nfxd5 15. Nxd5 Bxd5 16. Bxd5 Nxd5 17. Qxb7 Qa5 18. b4 Nxb4 19. Bd2 Rab8 20.
Bxb4 Qxb4 21. Qxa7 Ra8 22. Qd7 Red8 23. Qc7 Rdc8 24. Qd7 Rc2 25. a4 Ra2 26. Kf1
R2xa4 27. Rxa4 Rxa4 28. g3 Bf6 29. Rc1 Ra8 30. Rc8+ Rxc8 31. Qxc8+ Kg7 32. Qc5
Qb1+ 33. Qc1 Qe4 34. Qf4 Qh1+ 35. Ng1 Qxh2 36. d5 Qh1 37. d6 exd6 38. Qxd6 h5
39. Qf4 Qd5 40. Qf3 Qxf3 41. Nxf3 Bd8 42. Kg2 Kf6 43. Ng1 Bb6 44. Nf3 Kf5 45.
Nd2 g5 46. Nf3 f6 47. Nd2 Bc5 48. Nb3 Bb6 49. Nd2 Bc5 50. Nb3 Ba7 51. Nd2 Ke5
52. Nc4+ Kd5 53. Nd2 Bb6 54. f3 f5 55. g4 fxg4 56. fxg4 Ke5 1/2-1/2

[Event "Olimpiada de Khanty-Mansiysk 2010"]
[Site "Khanty-Mansiysk RUS"]
[Date "2010.09.29"]
[Round "8"]
[White "Salov, Sergej"]
[Black "Nezad, Husein Aziz"]
[Result "1/2-1/2"]
[WhiteElo "2271"]
[BlackElo "2394"]
[PlyCount "83"]
[EventDate "2010.09.21"]
[EventType "team"]
[EventRounds "11"]
[EventCountry "RUS"]
[Source "lmi"]
[SourceDate "2010.09.21"]
[WhiteTeam "ICS"]
[BlackTeam "Qatar"]
[BlackTeamCountry "QAT"]

1. e4 e5 2. Nf3 Nc6 3. Bb5 Nge7 4. Nc3 g6 5. d4 exd4 6. Nd5 Bg7 7. Bg5 h6 8.
Bf6 Bxf6 9. Nxf6+ Kf8 10. O-O a6 11. Bxc6 dxc6 12. Qxd4 Qxd4 13. Nxd4 Kg7 14.
e5 c5 15. Nb3 b6 16. f4 Rd8 17. Rf2 h5 18. Rd2 Rxd2 19. Nxd2 Be6 20. Kf2 Rd8
21. Nde4 a5 22. a3 a4 23. Re1 Nc6 24. Nc3 Bf5 25. Rd1 Nd4 26. Nce4 Rc8 27. c3
Nc6 28. Ng3 Be6 29. Nf1 Ne7 30. Ne3 Ng8 31. Ne4 f6 32. exf6+ Nxf6 33. Nxf6 Kxf6
34. g3 Kf7 35. Rd2 Ra8 36. Ng2 Ra5 37. Nh4 Rb5 38. Nf3 Kf6 39. Ng5 Bc4 40. Ke3
Rb3 41. Ne4+ Ke7 42. Ng5 1/2-1/2

[Event "Olimpiada de Khanty-Mansiysk 2010"]
[Site "Khanty-Mansiysk RUS"]
[Date "2010.09.29"]
[Round "8"]
[White "Al-Tamimi, Hamad"]
[Black "Parfenov, Pavel"]
[Result "1/2-1/2"]
[WhiteElo "2250"]
[BlackElo "2242"]
[PlyCount "77"]
[EventDate "2010.09.21"]
[EventType "team"]
[EventRounds "11"]
[EventCountry "RUS"]
[Source "lmi"]
[SourceDate "2010.09.21"]
[WhiteTeam "Qatar"]
[BlackTeam "ICS"]
[WhiteTeamCountry "QAT"]

1. e4 c5 2. Nf3 Nc6 3. Bb5 g6 4. Bxc6 bxc6 5. O-O Bg7 6. c3 Nh6 7. d4 cxd4 8.
cxd4 f6 9. Nc3 Nf7 10. b3 d6 11. h3 O-O 12. Ba3 Bd7 13. Re1 Qa5 14. Bb2 Rad8
15. Qe2 Rfe8 16. Rad1 Bc8 17. Qc4 Qa6 18. Nd2 Bh6 19. Na4 Qa5 20. Bc3 Qh5 21.
Qe2 Qxe2 22. Rxe2 Ba6 23. Ree1 Bb5 24. Nb2 d5 25. Bb4 e6 26. a4 Ba6 27. Bc5 Rd7
28. b4 Nd8 29. Nb3 Kf7 30. g3 dxe4 31. Rxe4 Bg7 32. Ree1 h5 33. f4 h4 34. Kf2
hxg3+ 35. Kxg3 Rh8 36. Na5 Bf8 37. Nb3 Bg7 38. Na5 Bf8 39. Nb3 1/2-1/2

[Event "Olimpiada de Khanty-Mansiysk 2010"]
[Site "Khanty-Mansiysk RUS"]
[Date "2010.09.29"]
[Round "8"]
[White "Machin, Rivera Mark"]
[Black "Munoz, Lisandro"]
[Result "1-0"]
[WhiteElo "2229"]
[BlackElo "2391"]
[PlyCount "171"]
[EventDate "2010.09.21"]
[EventType "team"]
[EventRounds "11"]
[EventCountry "RUS"]
[Source "lmi"]
[SourceDate "2010.09.21"]
[WhiteTeam "Puerto Rico"]
[BlackTeam "República Dominicana"]
[WhiteTeamCountry "PUR"]
[BlackTeamCountry "DOM"]

1. c4 e6 2. g3 d5 3. Bg2 Nf6 4. Nf3 dxc4 5. Qc2 Nbd7 6. Na3 Be7 7. O-O O-O 8.
Nxc4 c5 9. d3 Nd5 10. a3 b5 11. Nce5 Bb7 12. Rd1 N7b6 13. e4 Nc7 14. d4 c4 15.
Nd2 Rc8 16. Nf1 f6 17. Nf3 f5 18. Ne5 Qe8 19. Bd2 Qh5 20. Bf3 Qh3 21. Bg2 Qh5
22. Bf3 Qe8 23. Bg2 fxe4 24. Ba5 Na4 25. Nd2 Qh5 26. Nxe4 Bd5 27. Rd2 Kh8 28.
Re1 Ne8 29. Rde2 Nc7 30. Qd2 Na6 31. f4 Qe8 32. Nc3 Nxc3 33. Qxc3 Bd6 34. Ng4
b4 35. axb4 Qb5 36. Bxd5 exd5 37. Re6 Bxb4 38. Bxb4 Nxb4 39. R1e2 Qa4 40. Qf3
Qd1+ 41. Kg2 Qxd4 42. Ne5 Nd3 43. Nc6 Qc5 44. Ne7 Rb8 45. Qh5 d4 46. Ng6+ Kg8
47. Ne7+ Kh8 48. Ng6+ Kg8 49. Ne7+ Kh8 50. f5 Rfd8 51. Ng6+ Kg8 52. Ne7+ Kh8
53. Ng6+ Kg8 54. Ne7+ Kh8 55. Nc6 g6 56. Nxd8 gxh5 57. Re8+ Kg7 58. Ne6+ Kf7
59. Nxc5 Rxe8 60. Rxe8 Kxe8 61. Nxd3 cxd3 62. Kf2 Kf7 63. h3 Kf6 64. g4 h4 65.
Ke1 h5 66. gxh5 Kxf5 67. Kd2 Kg5 68. Kxd3 Kxh5 69. Kxd4 Kg5 70. Ke5 a5 71. b3
Kg6 72. Kf4 Kf6 73. Kg4 Ke5 74. Kxh4 Kf4 75. Kh5 Kf5 76. h4 Kf6 77. Kg4 Kg6 78.
Kf4 Kh5 79. Ke4 Kxh4 80. Kd4 Kg5 81. Kc5 Kf6 82. Kb6 Ke7 83. Kxa5 Kd7 84. Kb6
Kc8 85. b4 Kb8 86. b5 1-0

[Event "Olimpiada de Khanty-Mansiysk 2010"]
[Site "Khanty-Mansiysk RUS"]
[Date "2010.09.29"]
[Round "8"]
[White "Infante, Miguel"]
[Black "Montalvo, Alejandro"]
[Result "1/2-1/2"]
[WhiteElo "2276"]
[BlackElo "2250"]
[PlyCount "82"]
[EventDate "2010.09.21"]
[EventType "team"]
[EventRounds "11"]
[EventCountry "RUS"]
[Source "lmi"]
[SourceDate "2010.09.21"]
[WhiteTeam "República Dominicana"]
[BlackTeam "Puerto Rico"]
[WhiteTeamCountry "DOM"]
[BlackTeamCountry "PUR"]

1. Nf3 Nf6 2. c4 g6 3. d4 Bg7 4. g3 O-O 5. Bg2 d5 6. cxd5 Nxd5 7. O-O Nc6 8.
Nc3 Nxc3 9. bxc3 e5 10. Ba3 Re8 11. e3 Rb8 12. Nd2 Be6 13. Re1 Na5 14. Qa4 b6
15. Bb4 c5 16. Bxa5 exd4 17. exd4 bxa5 18. Nf3 Bd7 19. Qc2 cxd4 20. Nxd4 Qc7
21. Qd2 a4 22. Rxe8+ Rxe8 23. Re1 Rxe1+ 24. Qxe1 Qc5 25. Qd2 h5 26. h4 Bf6 27.
Bf3 Kg7 28. Kg2 Bc8 29. Qd3 Qb6 30. Qd2 a3 31. Bd5 Qc5 32. Bf3 Ba6 33. Be2 Bb7+
34. Bf3 Bc8 35. Qd3 Qb6 36. Bd5 Ba6 37. Qe3 Bb7 38. Qe4 Bxd5 39. Qxd5 Qb2 40.
Qc4 Bd8 41. Ne2 Bb6 1/2-1/2

[Event "Olimpiada de Khanty-Mansiysk 2010"]
[Site "Khanty-Mansiysk RUS"]
[Date "2010.09.29"]
[Round "8"]
[White "Vazquez, Reyes Raul"]
[Black "Flaquer, Luis"]
[Result "1/2-1/2"]
[WhiteElo "2217"]
[BlackElo "2274"]
[PlyCount "80"]
[EventDate "2010.09.21"]
[EventType "team"]
[EventRounds "11"]
[EventCountry "RUS"]
[Source "lmi"]
[SourceDate "2010.09.21"]
[WhiteTeam "Puerto Rico"]
[BlackTeam "República Dominicana"]
[WhiteTeamCountry "PUR"]
[BlackTeamCountry "DOM"]

1. e4 c5 2. Nf3 Nc6 3. d4 cxd4 4. Nxd4 e5 5. Nb5 d6 6. c4 a6 7. N5c3 Be7 8. Na3
Be6 9. Nc2 Bg5 10. Be2 Bxc1 11. Rxc1 Qg5 12. O-O Rd8 13. Nd5 Nf6 14. Bf3 O-O
15. b4 b5 16. cxb5 axb5 17. Qd3 Rc8 18. Rcd1 Bxd5 19. exd5 Ne7 20. Ne3 Qf4 21.
a3 e4 22. Qd4 Ra8 23. Be2 Rxa3 24. Bxb5 Rb8 25. Bc6 Ng6 26. Qb2 Rd3 27. b5 Ne5
28. h3 Nh5 29. Rxd3 exd3 30. b6 Ng3 31. b7 Ne2+ 32. Kh1 Nf3 33. gxf3 Qxf3+ 34.
Kh2 f5 35. Bd7 Qf4+ 36. Kg2 Qe4+ 37. Kh2 Nd4 38. Be6+ Kf8 39. Qc3 Qf4+ 40. Kg2
Qf3+ 1/2-1/2

[Event "Olimpiada de Khanty-Mansiysk 2010"]
[Site "Khanty-Mansiysk RUS"]
[Date "2010.09.29"]
[Round "8"]
[White "Mazara, Adan"]
[Black "Almedina, Ortiz Edgardo J"]
[Result "1/2-1/2"]
[WhiteElo "2262"]
[BlackElo "2197"]
[PlyCount "90"]
[EventDate "2010.09.21"]
[EventType "team"]
[EventRounds "11"]
[EventCountry "RUS"]
[Source "lmi"]
[SourceDate "2010.09.21"]
[WhiteTeam "República Dominicana"]
[BlackTeam "Puerto Rico"]
[WhiteTeamCountry "DOM"]
[BlackTeamCountry "PUR"]

1. d4 Nf6 2. c4 g6 3. g3 Bg7 4. Bg2 O-O 5. Nc3 d6 6. Nf3 Nc6 7. O-O Rb8 8. h3
a6 9. e4 e5 10. dxe5 Nxe5 11. Nxe5 dxe5 12. Be3 b6 13. Qxd8 Rxd8 14. Nd5 Nxd5
15. cxd5 Bf8 16. Rac1 Rb7 17. Bg5 Re8 18. Bf6 Bg7 19. Bxg7 Kxg7 20. Rc3 Bd7 21.
f4 f6 22. Rfc1 Rc8 23. fxe5 fxe5 24. Bf1 b5 25. a4 Kf6 26. h4 Ke7 27. b4 Kd6
28. Rc5 Ra8 29. a5 Rba7 30. Kg2 Rf8 31. Be2 Rf6 32. R1c3 Rf8 33. Rc2 Rf6 34.
R5c3 Rf8 35. Kg1 Rf6 36. Bf1 h6 37. Bg2 g5 38. hxg5 hxg5 39. Bf1 g4 40. Be2 Rf7
41. Kg2 Rf6 42. Rc1 Rb7 43. Bd1 Ra7 44. Bb3 Rb7 45. Rd3 Rb8 1/2-1/2

[Event "Olimpiada de Khanty-Mansiysk 2010"]
[Site "Khanty-Mansiysk RUS"]
[Date "2010.09.29"]
[Round "8"]
[White "Esen, Baris"]
[Black "Mieles Palau, Daniel"]
[Result "1/2-1/2"]
[WhiteElo "2538"]
[BlackElo "2422"]
[PlyCount "267"]
[EventDate "2010.09.21"]
[EventType "team"]
[EventRounds "11"]
[EventCountry "RUS"]
[Source "lmi"]
[SourceDate "2010.09.21"]
[WhiteTeam "Turquía"]
[BlackTeam "Ecuador"]
[WhiteTeamCountry "TUR"]
[BlackTeamCountry "ECU"]

1. d4 Nf6 2. c4 g6 3. Nf3 Bg7 4. g3 d5 5. cxd5 Nxd5 6. Bg2 Nb6 7. Nc3 Nc6 8. e3
O-O 9. O-O Re8 10. Re1 e5 11. d5 Nb4 12. e4 c6 13. a3 Na6 14. dxc6 bxc6 15. Qc2
Nc5 16. Rd1 Qe7 17. Be3 Bg4 18. h3 Bxf3 19. Bxf3 Ne6 20. Na4 Nxa4 21. Qxa4 Rab8
22. Qxc6 Rxb2 23. Rd7 Qf6 24. Bg2 Nd4 25. Qxf6 Bxf6 26. Rxa7 Nc2 27. Bc1 Rb3
28. Ra2 Rc8 29. Bh6 Bd8 30. a4 g5 31. Rd7 Nd4 32. a5 Ra8 33. a6 Rb6 34. a7 Rxh6
35. Rxd4 exd4 36. e5 Rxa7 37. Rxa7 Re6 38. Ra8 Re8 39. Bc6 Rf8 40. Ra7 Bb6 41.
Rb7 Bc5 42. Rd7 Bb6 43. Bd5 d3 44. Bb3 d2 45. Rxd2 Re8 46. Rd7 Rxe5 47. Bxf7+
Kh8 48. Bc4 Rf5 49. Rd2 Rc5 50. Ba2 Rf5 51. Kg2 h5 52. Bb1 Rf6 53. f3 h4 54.
gxh4 gxh4 55. Rd7 Kg8 56. Be4 Be3 57. Kf1 Bf4 58. Ke2 Rd6 59. Rb7 Rd2+ 60. Ke1
Rh2 61. Bf5 Bg3+ 62. Kd1 Rf2 63. Bg4 Kf8 64. Rd7 Kg8 65. Be6+ Kf8 66. Rf7+ Ke8
67. Rf5 Ke7 68. Bc8 Kd8 69. Ba6 Rh2 70. Bf1 Rf2 71. Bd3 Rh2 72. Rd5+ Ke7 73.
Bf5 Rf2 74. Rd3 Kf6 75. Bg4 Kf7 76. Kc1 Kf6 77. Kb1 Kf7 78. Re3 Kf6 79. Rb3 Kf7
80. Rb6 Kg7 81. Bh5 Rh2 82. Rb7+ Kh8 83. Bg4 Rf2 84. Rf7 Bh2 85. Kc1 Bg3 86.
Kd1 Bh2 87. Be6 Bg3 88. Bd5 Bh2 89. Be6 Bg3 90. Bc4 Bh2 91. Be2 Bg3 92. Bd3 Bh2
93. Bc4 Bg3 94. Bd5 Bh2 95. Rf5 Bg3 96. Rg5 Rd2+ 97. Kc1 Rh2 98. Rh5+ Kg7 99.
Be6 Rf2 100. Bg4 Kf6 101. Kd1 Kg7 102. Rb5 Kf6 103. Rd5 Kf7 104. f4 Bxf4 105.
Rf5+ Kg6 106. Ke1 Bg3 107. Rxf2 Kg7 108. Kf1 Bxf2 109. Kxf2 Kh8 110. Kf3 Kg7
111. Kf4 Kh8 112. Kg5 Kg7 113. Bf5 Kh8 114. Kh6 Kg8 115. Bh7+ Kh8 116. Bb1 Kg8
117. Ba2+ Kh8 118. Kg5 Kg7 119. Bb3 Kh8 120. Bc2 Kg7 121. Bd1 Kh8 122. Be2 Kg7
123. Bf1 Kh8 124. Bg2 Kg7 125. Kxh4 Kh8 126. Kg5 Kg7 127. h4 Kh8 128. h5 Kg7
129. h6+ Kh8 130. Kg6 Kg8 131. Bd5+ Kh8 132. Bg8 Kxg8 133. h7+ Kh8 134. Kh6
1/2-1/2